Hodnotenie bariérovej schopnosti pracovných rukavíc voči vybraným pesticídom - zavedenie metódy

Guardado en:
Detalles Bibliográficos
Autor principal: Vaneková, Jana (Autor)
Otros Autores: Klimová, Zuzana, 1987- (Orientador)
Formato: Manuscrito Libro
Lenguaje:eslovaco
Publicado: 2015
Materias:
Acceso en línea:http://is.stuba.sk/zp/portal_zp.pl?podrobnosti=113073
Etiquetas: Agregar Etiqueta
Sin Etiquetas, Sea el primero en etiquetar este registro!

MARC

LEADER 00000ntm a22000003a 4500
001 stuzp52511
003 SK-STU
005 20160719154208.1
007 ta
008 150427s2015----xo-----f-mn---000-0-slo-d
040 |a STU  |b slo 
041 0 |a slo 
100 1 |a Vaneková, Jana  |u 044250  |4 aut  |U FCHPT Ústav biotechnológie a potravinárstva  |T FCHPT Oddelenie potravinárskej technológie  |X 43545  |U C4250  |Y 115  |7 43545 
242 0 1 |a Evaluation of barrier properties of gloves to selected pesticides - establishing a method  |y eng 
245 1 0 |a Hodnotenie bariérovej schopnosti pracovných rukavíc voči vybraným pesticídom - zavedenie metódy 
260 |c 2015 
650 4 |a pesticídy  |2 slo 
650 4 |a Pirimicarb  |2 slo 
650 4 |a Acetamiprid  |2 slo 
650 4 |a HPLC  |2 slo 
650 4 |a ochranné pracovné rukavice  |2 slo 
650 4 |a pesticides  |2 eng 
650 4 |a personal protective gloves  |2 eng 
650 4 |a Pirimicarb  |2 eng 
650 4 |a Acetamiprid  |2 eng 
650 4 |a HPLC  |2 eng 
700 1 |a Klimová, Zuzana,  |d 1987-  |4 ths  |X 40391  |7 A000040391 
856 4 |u http://is.stuba.sk/zp/portal_zp.pl?podrobnosti=113073 
SQL |a stuzp52511  |b DDP  |c SLO  |d Hodnotenie bariérovej schopnosti pracovných rukavíc voči vybraným pesticídom - zavedenie metódy  |e 43545  |f Vaneková, Jana  |g 044250  |h 40391  |i Peráčková, Zuzana  |j 20150609  |k 125  |l 04  |m http://is.stuba.sk/zp/portal_zp.pl?podrobnosti=113073  |n I-POHYKO  |o 5.2.24. potravinárstvo